000 00263nmm a2200085Ia 4500
008 220120s9999||||xx |||||||||||||||||und||
100 _aPC QUEST
_910676
245 0 _a15 acunting Apps. for homes and small offices, 10 internet u
260 _aCyber media Pvt. Ltd.
_c2013
999 _c139879
_d139879